00742cam a22002171 450000100100000000500170001000800410002701000130006804000250008104100130010605000150011910000460013424500520018026000550023230000270028750400640031465100500037865100530042865000300048108200130051100001345420200929163232.0750505s1964 xx 000 0 eng  a63018185 aDO-SdBNPbspacBNPHU17aspaheng00aF1414bP431 aPflaum, Irving P.q(Irving Peter),d1906-10aArena of decision :bLatin America in crisis /. aEnglewood Cliffs, N.J., :bPrentice-Hall,c[1964]. axvii, 334 p. ;c24 cm. aBibliographical references included in "Notes" (p. 299-325) 0aLatin AmericaxPolitics And Governmenty1948- 0aUnited StatesxForeign RelationszLatin America. 0aCommunismzLatin America. a327.7308